<?xml version="1.0" encoding="UTF-8"?>
<record
    xmlns:xsi="http://www.w3.org/2001/XMLSchema-instance"
    xsi:schemaLocation="http://www.loc.gov/MARC21/slim http://www.loc.gov/standards/marcxml/schema/MARC21slim.xsd"
    xmlns="http://www.loc.gov/MARC21/slim">

  <leader>01491nam a22002537a 4500</leader>
  <controlfield tag="003">Uzh_bibl</controlfield>
  <controlfield tag="008">260427b        |||||||| |||| 00| 0 ukr d</controlfield>
  <datafield tag="020" ind1=" " ind2=" ">
    <subfield code="a">5-333-01426-4</subfield>
    <subfield code="c">70.00</subfield>
  </datafield>
  <datafield tag="040" ind1=" " ind2=" ">
    <subfield code="b">&#x443;&#x43A;&#x440;.</subfield>
  </datafield>
  <datafield tag="041" ind1=" " ind2=" ">
    <subfield code="2">ukr</subfield>
    <subfield code="a">ukr</subfield>
  </datafield>
  <datafield tag="080" ind1=" " ind2=" ">
    <subfield code="a">39</subfield>
  </datafield>
  <datafield tag="090" ind1=" " ind2=" ">
    <subfield code="a">39</subfield>
    <subfield code="b">&#x421; 66</subfield>
  </datafield>
  <datafield tag="100" ind1=" " ind2=" ">
    <subfield code="a">&#x421;&#x43E;&#x441;&#x435;&#x43D;&#x43A;&#x43E;, &#x41A;&#x441;&#x435;&#x43D;&#x43E;&#x444;&#x43E;&#x43D;&#x442;</subfield>
  </datafield>
  <datafield tag="245" ind1=" " ind2=" ">
    <subfield code="a">&#x420;&#x456;&#x437;&#x434;&#x432;&#x43E;-&#x41A;&#x43E;&#x43B;&#x44F;&#x434;&#x430; &#x456; &#x429;&#x435;&#x434;&#x440;&#x438;&#x439; &#x412;&#x435;&#x447;&#x456;&#x440;.</subfield>
    <subfield code="c">&#x425;&#x443;&#x434;. &#x43E;&#x444;&#x43E;&#x440;&#x43C;&#x43B;&#x43D;. &#x412;. &#x424;. &#x42F;&#x446;&#x443;&#x43D;</subfield>
    <subfield code="h">&#x422;&#x435;&#x43A;&#x441;&#x442;</subfield>
  </datafield>
  <datafield tag="260" ind1=" " ind2=" ">
    <subfield code="a">&#x41A;&#x438;&#x457;&#x432;</subfield>
    <subfield code="b">&#x423;&#x43A;&#x440;&#x430;&#x457;&#x43D;&#x441;&#x44C;&#x43A;&#x438;&#x439; &#x43F;&#x438;&#x441;&#x44C;&#x43C;&#x435;&#x43D;&#x43D;&#x438;&#x43A;</subfield>
    <subfield code="c">1994</subfield>
  </datafield>
  <datafield tag="300" ind1=" " ind2=" ">
    <subfield code="a">286 &#x441;.</subfield>
    <subfield code="b">&#x406;&#x43B;.</subfield>
    <subfield code="f">&#x412; &#x43E;&#x43F;&#x440;.</subfield>
  </datafield>
  <datafield tag="520" ind1=" " ind2=" ">
    <subfield code="a">&#x426;&#x44F; &#x43A;&#x43D;&#x438;&#x433;&#x430;, &#x43D;&#x430;&#x43F;&#x438;&#x441;&#x430;&#x43D;&#x430; &#x432;&#x438;&#x434;&#x430;&#x442;&#x43D;&#x438;&#x43C; &#x432;&#x447;&#x435;&#x43D;&#x438;&#x43C;-&#x435;&#x442;&#x43D;&#x43E;&#x433;&#x440;&#x430;&#x444;&#x43E;&#x43C; &#x456; &#x446;&#x435;&#x440;&#x43A;&#x43E;&#x432;&#x43D;&#x438;&#x43C; &#x434;&#x456;&#x44F;&#x447;&#x435;&#x43C; &#x41A;&#x441;&#x435;&#x43D;&#x43E;&#x444;&#x43E;&#x43D;&#x442;&#x43E;&#x43C; &#x421;&#x43E;&#x441;&#x435;&#x43D;&#x43A;&#x43E;&#x43C;, &#x432;&#x438;&#x434;&#x430;&#x43D;&#x430; &#x432;&#x43F;&#x435;&#x440;&#x448;&#x435; &#x443; &#x41B;&#x44C;&#x432;&#x43E;&#x432;&#x456; 1928 &#x440;&#x43E;&#x43A;&#x443; &#x456; &#x432;&#x456;&#x434;&#x442;&#x43E;&#x434;&#x456; &#x431;&#x456;&#x43B;&#x44C;&#x448;&#x435; &#x43D;&#x435; &#x43F;&#x435;&#x440;&#x435;&#x432;&#x438;&#x434;&#x430;&#x432;&#x430;&#x43B;&#x430;&#x441;&#x44C;. &#x41C;&#x430;&#x442;&#x435;&#x440;&#x456;&#x430;&#x43B;, &#x44F;&#x43A;&#x438;&#x43C; &#x43E;&#x43F;&#x435;&#x440;&#x443;&#x454; &#x430;&#x432;&#x442;&#x43E;&#x440;, &#x432;&#x456;&#x434;&#x43A;&#x440;&#x438;&#x432;&#x430;&#x44E;&#x447;&#x438; &#x43F;&#x440;&#x430;&#x433;&#x43B;&#x438;&#x431;&#x438;&#x43D;&#x438; &#x443;&#x43A;&#x440;&#x430;&#x457;&#x43D;&#x441;&#x44C;&#x43A;&#x43E;&#x433;&#x43E; &#x43D;&#x430;&#x440;&#x43E;&#x434;&#x43E;&#x437;&#x43D;&#x430;&#x432;&#x441;&#x442;&#x432;&#x430;, &#x432;&#x438;&#x43A;&#x43B;&#x438;&#x43A;&#x430;&#x454; &#x43D;&#x438;&#x43D;&#x456; &#x43E;&#x441;&#x43E;&#x431;&#x43B;&#x438;&#x432;&#x438;&#x439; &#x456;&#x43D;&#x442;&#x435;&#x440;&#x435;&#x441; &#x443; &#x447;&#x438;&#x442;&#x430;&#x447;&#x456;&#x432;.</subfield>
  </datafield>
  <datafield tag="521" ind1=" " ind2=" ">
    <subfield code="a">&#x414;&#x43B;&#x44F; &#x448;&#x438;&#x440;&#x43E;&#x43A;&#x43E;&#x433;&#x43E; &#x43A;&#x43E;&#x43B;&#x430; &#x447;&#x438;&#x442;&#x430;&#x447;&#x456;&#x432;</subfield>
  </datafield>
  <datafield tag="546" ind1=" " ind2=" ">
    <subfield code="a">&#x443;&#x43A;&#x440;.</subfield>
  </datafield>
  <datafield tag="650" ind1=" " ind2=" ">
    <subfield code="a">&#x41B;&#x456;&#x442;&#x435;&#x440;&#x430;&#x442;&#x443;&#x440;&#x43D;&#x43E;-&#x445;&#x443;&#x434;&#x43E;&#x436;&#x43D;&#x454; &#x432;&#x438;&#x434;&#x430;&#x43D;&#x43D;&#x44F;</subfield>
  </datafield>
  <datafield tag="653" ind1=" " ind2=" ">
    <subfield code="a">&#x421;&#x442;&#x430;&#x440;&#x43E;&#x443;&#x43A;&#x440;&#x430;&#x457;&#x43D;&#x441;&#x44C;&#x43A;&#x435; &#x420;&#x456;&#x437;&#x434;&#x432;&#x43E;.</subfield>
    <subfield code="a">&#x421;&#x438;&#x43C;&#x432;&#x43E;&#x43B;&#x456;&#x43A;&#x430; &#x43E;&#x431;&#x440;&#x44F;&#x434;&#x456;&#x432;.</subfield>
    <subfield code="a">&#x41A;&#x43E;&#x43B;&#x44F;&#x434;&#x43A;&#x43E;&#x432;&#x456; &#x43F;&#x435;&#x440;&#x435;&#x43A;&#x430;&#x437;&#x438;.</subfield>
  </datafield>
  <datafield tag="655" ind1=" " ind2=" ">
    <subfield code="a">&#x41D;&#x430;&#x440;&#x43E;&#x434;&#x43E;&#x437;&#x43D;&#x430;&#x432;&#x441;&#x442;&#x432;&#x43E;</subfield>
    <subfield code="v">&#x41A;&#x443;&#x43B;&#x44C;&#x442;&#x443;&#x440;&#x43E;&#x43B;&#x43E;&#x433;&#x456;&#x447;&#x43D;&#x430; &#x43E;&#x43F;&#x43E;&#x432;&#x456;&#x434;&#x44C;</subfield>
  </datafield>
  <datafield tag="942" ind1=" " ind2=" ">
    <subfield code="2">udc</subfield>
    <subfield code="c">BK</subfield>
  </datafield>
  <datafield tag="999" ind1=" " ind2=" ">
    <subfield code="c">17529</subfield>
    <subfield code="d">17529</subfield>
  </datafield>
  <datafield tag="952" ind1=" " ind2=" ">
    <subfield code="0">0</subfield>
    <subfield code="1">0</subfield>
    <subfield code="2">udc</subfield>
    <subfield code="4">0</subfield>
    <subfield code="7">0</subfield>
    <subfield code="a">MBdD</subfield>
    <subfield code="b">MBdD</subfield>
    <subfield code="c">CHP</subfield>
    <subfield code="d">2026-04-27</subfield>
    <subfield code="i">46340</subfield>
    <subfield code="l">0</subfield>
    <subfield code="o">39</subfield>
    <subfield code="p">16618</subfield>
    <subfield code="r">2026-04-27</subfield>
    <subfield code="w">2026-04-27</subfield>
    <subfield code="y">BK</subfield>
  </datafield>
</record>
